Statistics for Sources of Rivers #4

Click here to take the quiz!

General Stats

  • This quiz has been taken 34 times
  • The average score is 8 of 15

Answer Stats

Source or Source ConfluenceRiver% Correct
Lualaba River- Boyoma Falls, Democratic Republic of the CongoCongo River
100%
Lake Tana, Ethiopia (be specific)Blue Nile
96%
Gangotri Glacier, Satopanth Glacier, Khatling Glacier, and waters from melted snow, Uttarakhand, IndiaGanges
93%
Thaba Putsoa, Maloti Mountains (Drakensberg), LesothoOrange River
74%
Lasagongma Spring, Mt. Guozongmucha, Zadoi, Tibet, ChinaMekong
70%
Canby Mountain, San Juan Mountains, ColoradoRio Grande
70%
Trinity Mountains, Siskiyou County, CaliforniaSacramento River
59%
Cerro Delgado-Chalbaud, Parima Mountains, VenezuelaOrinoco
56%
Confluence of Grizzly Creek and Little Grizzly Creek, Jackson County, ColoradoPlatte River (North Platte)
37%
Smolensk Oblast, RussiaDnieper
33%
western slopes of the Black Range, Sierra County, New MexicoGila River
33%
Confluence of Clover Fork and Martin's Fork, Baxter, KentuckyCumberland River
30%
Blackwater Draw, Curry County, New MexicoBrazos River
19%
Confluence of New River and Gauley River, Gauley Bridge, West VirginiaKanawha River
15%
Sangre de Christo Mountains, southern Las Animas County, ColoradoCanadian River
11%

Score Distribution

Percentile by Number Answered

Percent of People with Each Score

Your Score History

You have not taken this quiz